| 000 | nam a22 a 4500 | ||
|---|---|---|---|
| 999 |
_c3406 _d3406 |
||
| 005 | 20170522153457.0 | ||
| 008 | 170522s1970 us ||||| |||| 00| 0 eng d | ||
| 040 | _aAKMAL | ||
| 082 | _a658.3 VRO | ||
| 090 |
_a658.3 _bVRO |
||
| 100 |
_aVictor H.Vroom _96881 |
||
| 245 |
_aManagement and Motivation _cVictor H. Vroom, Edward L. Deci |
||
| 260 |
_aAustralia _bPenguin book Ltd _c1970 |
||
| 300 |
_a375p _c22cm |
||
| 650 |
_amanagement _91462 |
||
| 942 |
_2ddc _cBOOK |
||